On This Day (April 5th) Multiple Choice - Statistics

General Stats
  • This quiz has been taken 10 times
  • The average score is 5 of 15
Answer Stats
Question Answer % Correct
1710 – The Statute of Anne receives the royal assent establishing which law of the United Kingdom ? Copyright
83%
1879 – Chile declares war on which two nations, starting the War of the Pacific ? Bolivia and Peru
50%
1942 – World War II: The Imperial Japanese Navy launches a carrier-based air attack on which city during the Indian Ocean raid ? Colombo, Ceylon
50%
1904 – The first international match of which sport is played between England and an Other Nationalities team (Welsh and Scottish) in Central Park, Wigan, England ? Rugby League
50%
1927 - Johnny Weissmuller set records in 100 & 200 m free style. Which fictional character did he famously play ? Tarzan
50%
1923 - Which tyre and rubber company starts producing inflatable tires ? Firestone
33%
2000 – UEFA Cup semi-final violence: Four Galatasaray fans are arrested for the stabbings to death of two fans of which soccer team ? Leeds United
33%
1792 – United States President George Washington exercises his authority to do what , the first time this power is used in the United States ? Veto a Bill
33%
1614 – Native American Pocahontas marries English colonist John Rolfe in which state ? Virginia
33%
1806 - Isaac Quintard patents which alcoholic drink ? Apple Cider
17%
1989 - David Letterman becomes first network TV series to use what ? Dolby Stereo
17%
1722 – The Dutch explorer Jacob Roggeveen discovers which island ? Easter Island
17%
1986 – Three people are killed in the bombing of the La Belle discotheque in which German city ? West Berlin
17%
823 – Lothair I is crowned King of where by Pope Paschal I ? Italy
0%
1242 – During the Battle on the Ice, Russian forces rebuff an invasion attempt by the Teutonic Knights on which lake ? Lake Peipus
0%
No matching quizzes found
Score Distribution
Percent of People with Each Score
Percentile by Number Answered
Your Score History
You have not taken this quiz